[Event "Hiroshima Chushikoku-ch"]
[Site "Hiroshima"]
[Date "2023.02.05"]
[Round "4"]
[White "Ono, Tadashi"]
[Black "Karasawa, Yuta"]
[Result "1/2-1/2"]
[WhiteElo "1269"]
[BlackElo "1514"]
[PlyCount "152"]
[EventDate "2023.02.04"]
[EventType "swiss"]
[EventRounds "5"]
[EventCountry "JPN"]
[SourceTitle "CBM 212 Extra"]
[Source "ChessBase"]
[SourceDate "2023.03.31"]
[SourceVersion "1"]
[SourceVersionDate "2023.03.31"]
[SourceQuality "1"]

1. d4 Nf6 2. Bg5 g6 3. Bxf6 exf6 4. e4 Bg7 5. Nf3 0-0 6. Bd3 d6 7. Nbd2 Re8 8. 0-0 Nc6 9. c3 Ne7 10. Qc2 d5 11. e5 fxe5 12. dxe5 Nc6 13. Bb5 Bf5 14. Qa4 Re6 15. Bxc6 Rxc6 16. Rfe1 Ra6 17. Qh4 Qxh4 18. Nxh4 Bd7 19. c4 Be6 20. Nhf3 dxc4 21. Ne4 Rb6 22. Nf6+ Bxf6 23. exf6 Rxb2 24. Ng5 Rd8 25. Ne4 h6 26. h3 Bf5 27. Ng3 Kf8 28. Nxf5 gxf5 29. Rad1 Rbd2 30. Rc1 b5 31. Re7 R8d7 32. Rce1 Rxe7 33. Rxe7 c3 34. Rxc7 Ke8 35. Rxc3 Rxa2 36. Re3+ Kf8 37. Re7 Ra6 38. Rb7 Rxf6 39. Rxb5 a6 40. Ra5 Kg7 41. Kh2 Kg6 42. Kg3 Rb6 43. f4 Kf6 44. Kh4 Kg6 45. g4 fxg4 46. hxg4 f6 47. Rc5 Rb5 48. f5+ Kg7 49. Rc7+ Kg8 50. Ra7 a5 51. Kh5 Kf8 52. Kxh6 Rb4 53. Kg6 Rxg4+ 54. Kxf6 Ke8 55. Ke6 Re4+ 56. Kd5 Rf4 57. Ke5 Rf1 58. Rxa5 Re1+ 59. Kf6 Rb1 60. Ra7 Re1 61. Rg7 Re2 62. Kg6 Rg2+ 63. Kh7 Rh2+ 64. Kg8 Rf2 65. Rg5 Rf1 66. Kg7 Ke7 67. Kg6 Rf2 68. Rg4 Rf1 69. Re4+ Kf8 70. f6 Rg1+ 71. Kf5 Rf1+ 72. Ke6 Rf2 73. Re5 Rf1 74. Rf5 Re1+ 75. Kd6 Kf7 76. Rf2 Re6+ 1/2-1/2